000 01048nas a2200313 4500
001 BR8801023
003 BR-BrBNA
005 20231205091035.0
007 ta
008 230509b bl.|||p| |||| 00| 00por d
040 _aBR-BrBNA
_bpor
_cBiblioteca Nacional de Agricultura
041 _a(Pt)
072 _aF08
100 1 _aAraujo, G.A. de A.
100 1 _aFontes, L.A.N.
100 1 _aLopes, N.F.
100 1 _aGalvao, J.D.
100 1 _aSediyama, G.C.
245 1 _aCrescimento e conversao da energia solar em sistemas de cultivos associados e exclusivos de milho e feijao 2: feijao das aguas
246 1 _aGrowth and conversion of solar energy in associated and monoculture systems of corn and beans, 2: rainy season beans
650 _aMILHO
650 _aFEIJAO
650 _aSISTEMA DE CULTIVO
650 _aCRESCIMENTO
650 _aENERGIA SOLAR
773 0 _tRevista Ceres (Brazil)
_xISSN 0034-737X
_g(Jan-Feb 1987), v. 34(191) p. 42-63
_wBR8801023
909 _a202311
_bLúcia
_c55
_dLúcia Elande
942 _2AGRIS
_n0
_cANA
999 _c122366
_d122366